01323nam a2200313 i 4500003000900000005001700009007000300026008004100029040003000070082001300100100002800113245016600141264007600307300004200383336002700425337003400452338002800486500005700514590002700571700004300598700003800641700004900679710005500728710005700783910001400840942001400854952012400868999001700992DO-SdBNP20231128085626.0ta110413s1987 dr o 000 j spa d aDO-SdBNPbspacBNPHUerda bL865222 aLora, J. Armando92313210a¡ECOCIDIO! :b(el asesinato del medio ambiente en la isla de Santo Domingo)cJ. Armando Lora ; fotografías Augusto Medrano, Junio Lora, José Ramón Suriel  1aSantiago de los Caballeros, República Dominicana :bTeófilo,c1987. a139 páginas bfotografíasc17 cm. 2rdacontentatextobtxt 2rdamediaasin mediación bn 2rdacarrieravolumenbnc a5 de junio de 1985, día mundial de la Ecología.  aInventariado, 2023/ YL1 aMedrano, Augustoefotografías9846761 aLora, Junioefotografías9846771 aSuriel, José Ramónefotografías9846781 aArchivo histórico Santiagoefotografías9846791 asociedad Ecológica del Cibaoefotografías984680 aYLockward 2ddccLBS1 00102ddc51708PDaBNPHUbBNPHUcCTd2012-05-19eUbi Rivasl0oBNPHU PD L865p2023-8060r2023-11-28w2023-11-28yLBS1 c55598d55598